00585nam a2200169Ia 4500008004100000041001200041082001600053100001500069245006800084260003800152300000900190650001700199700001700216942000700233999001500240952016000255221030s9999 xx 000 0 und d aEnglish a105.23bPur aB. R. Puri 0aPrinciples of Inorganic Chemistrycby B. R. Puri , L. R. Sharma bShoban Lal NaginaJalandharc2002 a1417 aBB Chemistry aL. R. Sharma cBK c1267d1267 pBB 48g300.00l0o105.23 Purr2025-05-17 00:00:00w2022-10-30yBK003Print4070aMIETLIBbMIETLIBcBL-Second, FL-1, CUP-101, SH-4, R-4d2003-06-1910HBB